|
|
|
|
| LEADER |
00000nab a2200000 a 4500 |
| 001 |
vtls000216649 |
| 003 |
SK-MaSNL |
| 005 |
20260302204505.0 |
| 008 |
111130c1985 xo 0 slo |
| 015 |
|
|
|a SNBRB19rr/mm-uuuuu
|
| 035 |
|
|
|a CL0226763
|
| 040 |
|
|
|a SNKBUCL
|b slo
|c SNKBUCL
|e AACR2
|
| 041 |
0 |
|
|a slo
|
| 044 |
|
|
|a xo
|c SK
|
| 080 |
|
|
|a 82:929:882(048)
|2 1981
|
| 080 |
|
|
|a 882(048)
|2 1981
|
| 100 |
1 |
|
|a Marušiak, Ondrej,
|d 1926-2008
|4 aut
|9 90032
|
| 245 |
1 |
0 |
|a Kniha o Čechovovi: zážitok, podnety
|c Ondrej Marušiak
|
| 600 |
1 |
7 |
|a Čechov, Anton Pavlovič,
|d 1860-1904
|2 snkbucl
|9 98221
|
| 650 |
0 |
7 |
|a monografie
|2 snkbucl
|9 256509
|
| 655 |
|
7 |
|a recenzie
|2 snkbucl
|9 21907
|
| 655 |
|
7 |
|a články z odboru literárna veda a krásna literatúra
|2 snkbucl
|9 770045
|
| 655 |
|
7 |
|a články z novín a časopisov
|2 snkbucl
|9 267496
|
| 773 |
0 |
|
|t Pravda
|g Roč. 66, č. 129 (4. 6. 1985), s. 5
|
| 787 |
0 |
8 |
|i Rec.:
|a Berdnikov, Georgij Petrovič
|t Čechov
|d Bratislava : Slovenský spisovateľ, 1984
|
| 850 |
|
|
|a Slovenská národná knižnica v Martine
|a MTA001
|
| 852 |
|
|
|a SNK
|b KIS3GCP
|
| 958 |
|
|
|a RK
|
| 958 |
|
|
|a LX
|
| 958 |
|
|
|a SU
|
| 992 |
|
|
|a RBX
|
| 999 |
|
|
|c 1473627
|d 1475557
|